000
00251nam a22001097a 4500
082
_a
300
100
_a
Babade , B. R.
_9
76539
245
_a
Famil Planning and Population
260
_a
Delhi
_b
Rupa Pub
_c
2019
650
_a
Sociology
_9
80242
942
_c
BK
999
_c
63667
_d
63667